La integración y el crecimiento económico en América Latina (Registro nro. 16007)

Detalles MARC
000 -LEADER
fixed length control field 00356 a2200109 4500
001 - CONTROL NUMBER
control field ART_2828
005 - DATE AND TIME OF LATEST TRANSACTION
control field 20260410161710.0
008 - FIXED-LENGTH DATA ELEMENTS--GENERAL INFORMATION
fixed length control field 260409a
100 1# - MAIN ENTRY--PERSONAL NAME
Personal name Dr. Dagum, Camilo
245 10 - TITLE STATEMENT
Title La integración y el crecimiento económico en América Latina
773 0# - HOST ITEM ENTRY
Title Desarrollo económico
Related parts - Vol. 4, Nº 14/15 (jul./dic. 1964)
Record control number REV1174

No hay ítems disponibles.